[Event "28.Schlosspark-Open"]
[Site "Wiesbaden-Biebrich"]
[Date "2016.08.28"]
[Round "7.31"]
[White "Sefeloge, Michael"]
[Black "Kolker, Vladislav"]
[Result "0-1"]
[WhiteElo "1846"]
[BlackElo "2023"]
[PlyCount "60"]
[EventDate "2016.??.??"]
[WhiteTeam "SV Lahnstein"]
[BlackTeam "SC Bad Nauheim"]

1. d4 Nf6 2. c4 g6 3. Nc3 Bg7 4. Nf3 O-O 5. e3 d6 6. Be2 Nbd7 7. O-O e5 8. dxe5
dxe5 9. Qc2 Re8 10. Rd1 e4 11. Nd2 Qe7 12. b3 Nf8 13. Bb2 h5 14. Rac1 c6 15.
Nf1 N8h7 16. Rd2 Bf5 17. Ng3 Ng4 18. Nxf5 gxf5 19. h3 Qh4 20. hxg4 hxg4 21. g3
Qh5 22. Na4 Ng5 23. Bxg7 Kxg7 24. Qc3+ Kg6 25. Rd6+ Re6 26. Rxe6+ fxe6 27. Qe5
Rh8 28. Qxh8 Qxh8 29. Rd1 Qh3 30. f4 exf3 0-1

[Event "28.Schlosspark-Open"]
[Site "Wiesbaden-Biebrich"]
[Date "2016.08.28"]
[Round "7.32"]
[White "Füssel, Jan Michael"]
[Black "Modric, Vladimir"]
[Result "0-1"]
[WhiteElo "1718"]
[BlackElo "1986"]
[PlyCount "53"]
[EventDate "2016.??.??"]
[WhiteTeam "VSG Offenbach"]
[BlackTeam "SC Nied"]

1. b3 e6 2. Bb2 f5 3. e3 Nf6 4. Nf3 Be7 5. Be2 d6 6. c4 O-O 7. O-O e5 8. d3 Nc6
9. Nc3 Kh8 10. Nd5 Be6 11. Nxe7 Qxe7 12. Ba3 b6 13. Rc1 a5 14. d4 e4 15. Nd2
Nb4 16. Ra1 Bd7 17. d5 Rae8 18. Bb2 f4 19. exf4 e3 20. Bxf6 Rxf6 21. Nf3 Rxf4
22. a3 Na6 23. Ra2 Nc5 24. Bd3 Nxd3 25. Qxd3 Rxf3 26. gxf3 e2 27. Re1 0-1

[Event "28.Schlosspark-Open"]
[Site "Wiesbaden-Biebrich"]
[Date "2016.08.28"]
[Round "7.33"]
[White "Goldt, Rainer"]
[Black "Foerster-Yialamas, Lucas"]
[Result "1-0"]
[WhiteElo "1956"]
[BlackElo "1635"]
[PlyCount "43"]
[EventDate "2016.??.??"]
[WhiteTeam "Kreuznacher SV"]
[BlackTeam "Big Apple"]

1. e4 c5 2. Nc3 Nc6 3. g3 g6 4. Bg2 Bg7 5. d3 d6 6. f4 e5 7. Nh3 Nge7 8. O-O
O-O 9. f5 gxf5 10. Qh5 fxe4 11. Ng5 h6 12. Nxf7 Qe8 13. Nxh6+ Bxh6 14. Rxf8+
Qxf8 15. Bxh6 Qf5 16. Qe8+ Kh7 17. Bxe4 Kxh6 18. Bxf5 Nxf5 19. Rf1 Kg7 20. Rxf5
Bxf5 21. Qxa8 Nd4 22. Qxb7+ 1-0

[Event "28.Schlosspark-Open"]
[Site "Wiesbaden-Biebrich"]
[Date "2016.08.28"]
[Round "7.34"]
[White "Grieb, Lukas"]
[Black "Krastev, Alexander"]
[Result "0-1"]
[WhiteElo "1813"]
[BlackElo "1924"]
[PlyCount "110"]
[EventDate "2016.??.??"]
[WhiteTeam "SK Gau-Algesheim"]
[BlackTeam "Biebertaler SF"]

1. e4 e5 2. Nf3 Nc6 3. c3 Nf6 4. d3 Bc5 5. Bg5 h6 6. Bh4 Be7 7. Nbd2 d6 8. Be2
O-O 9. O-O Nh5 10. Bxe7 Qxe7 11. d4 Nf4 12. Bb5 Qf6 13. Nc4 Ng6 14. Bxc6 bxc6
15. dxe5 dxe5 16. Ne3 Rd8 17. Qc2 Be6 18. Rad1 Nf4 19. Rxd8+ Rxd8 20. Rd1 Rd6
21. Qa4 Nxg2 22. Rxd6 cxd6 23. Kxg2 Bh3+ 24. Kg1 Qxf3 25. Qc4 Bd7 26. Nf5 Qd1+
27. Kg2 Qg4+ 28. Ng3 h5 29. Qe2 Qh3+ 30. Kh1 Bg4 31. f3 h4 32. fxg4 hxg3 33.
Qg2 Qxh2+ 34. Qxh2 gxh2 35. Kxh2 f6 36. Kg3 Kf7 37. b4 Ke6 38. c4 d5 39. exd5+
cxd5 40. c5 d4 41. b5 Kd5 42. c6 Kd6 43. Kf3 g6 44. Ke4 f5+ 45. gxf5 gxf5+ 46.
Kd3 Kc7 47. a4 Kd6 48. Ke2 e4 49. Kd2 f4 50. Ke2 f3+ 51. Kf2 d3 52. Ke3 Kc7 53.
a5 Kd6 54. a6 Kc7 55. b6+ Kxb6 0-1

[Event "28.Schlosspark-Open"]
[Site "Wiesbaden-Biebrich"]
[Date "2016.08.28"]
[Round "7.35"]
[White "Fernandez Garcia, Alfonso Javier"]
[Black "Schmitt, Carsten"]
[Result "0-1"]
[WhiteElo "1535"]
[BlackElo "2008"]
[PlyCount "42"]
[EventDate "2016.??.??"]
[WhiteTeam "SV Neu-Isenburg"]
[BlackTeam "SV Bergwinkel"]

1. e4 e6 2. d4 d5 3. Nd2 Nf6 4. Bd3 c5 5. dxc5 Bxc5 6. Qe2 O-O 7. Ngf3 Nc6 8.
c3 h6 9. O-O a5 10. a4 Qc7 11. h3 Nh5 12. Nb3 Ng3 13. Qe1 Ba7 14. Nbd2 Nxf1 15.
Nxf1 Ne5 16. Nxe5 Qxe5 17. Ng3 Qxg3 18. Qe2 Bxf2+ 19. Kf1 Bd7 20. e5 f6 21.
Qxf2 fxe5 0-1

[Event "28.Schlosspark-Open"]
[Site "Wiesbaden-Biebrich"]
[Date "2016.08.28"]
[Round "7.36"]
[White "Karsay, Pascal"]
[Black "Poetsch, Leonore"]
[Result "1/2-1/2"]
[WhiteElo "2047"]
[BlackElo "1777"]
[PlyCount "148"]
[EventDate "2016.??.??"]
[WhiteTeam "Vorw.Orient Mainz"]
[BlackTeam "SK Langen"]

1. e4 e6 2. d4 d5 3. Nd2 Nf6 4. e5 Nfd7 5. Bd3 c5 6. c3 Nc6 7. Ne2 Qb6 8. Nf3
cxd4 9. cxd4 Be7 10. O-O O-O 11. Nf4 Kh8 12. Bc2 Re8 13. a3 Nf8 14. b3 f6 15.
Qd3 fxe5 16. dxe5 Bd7 17. Bb2 Rac8 18. h4 Na5 19. Nd4 Bxh4 20. Qh3 Rxc2 21.
Nxc2 Bg5 22. Ne2 Nxb3 23. Rad1 Nd2 24. Bc1 Nxf1 25. Bxg5 Qc7 26. Qc3 Qxc3 27.
Nxc3 h6 28. Bc1 Rc8 29. Bb2 Ng6 30. Nb4 Nxe5 31. Kxf1 Nc4 32. Bc1 a5 33. Nba2
b5 34. Ke2 Kg8 35. Nb1 Kf7 36. Nd2 Nb6 37. Nb3 a4 38. Nd2 e5 39. Nb4 Bf5 40.
Bb2 d4 41. Re1 Nc4 42. Bc1 e4 43. Kd1 Re8 44. Nc6 Bg4+ 45. Kc2 d3+ 46. Kb1 Bd7
47. Nd4 Nd6 48. Bb2 g5 49. Bc3 Nc4 50. Bb4 Nxd2+ 51. Bxd2 Kg6 52. Kb2 g4 53.
Rc1 g3 54. Be3 gxf2 55. Rf1 Rf8 56. Rxf2 Rxf2+ 57. Bxf2 Kh5 58. Kc3 Kg4 59. Kd2
Kf4 60. g3+ Ke5 61. Ke3 Kd5 62. Be1 Ke5 63. Bc3 Kd5 64. Bb2 h5 65. Bc3 Kc4 66.
Bb4 Kd5 67. Bf8 d2 68. Ne2 d1=N+ 69. Kd2 Nb2 70. Nf4+ Kc6 71. Nxh5 Nc4+ 72. Kc3
e3 73. Nf4 Bg4 74. Kd3 Bf5+ 1/2-1/2

[Event "28.Schlosspark-Open"]
[Site "Wiesbaden-Biebrich"]
[Date "2016.08.28"]
[Round "7.37"]
[White "Marschner, Thomas"]
[Black "Flach, Helene"]
[Result "1-0"]
[WhiteElo "2021"]
[BlackElo "1712"]
[PlyCount "43"]
[EventDate "2016.??.??"]
[WhiteTeam "SVG Eppstein"]
[BlackTeam "SK Langen"]

1. e4 c5 2. Nc3 e6 3. f4 a6 4. g3 b5 5. Bg2 Bb7 6. Qe2 d6 7. d3 Nd7 8. Nf3 Ngf6
9. O-O Be7 10. Nd1 O-O 11. Nf2 Rc8 12. g4 Ne8 13. Bd2 Nc7 14. g5 Re8 15. Ng4
Bf8 16. Qf2 g6 17. Bc3 Bg7 18. Bxg7 Kxg7 19. Qh4 f5 20. gxf6+ Nxf6 21. Qh6+ Kg8
22. Ng5 1-0

[Event "28.Schlosspark-Open"]
[Site "Wiesbaden-Biebrich"]
[Date "2016.08.28"]
[Round "7.38"]
[White "Paeslack, Luis"]
[Black "Tuchtfeld, Jürgen"]
[Result "1/2-1/2"]
[WhiteElo "1784"]
[BlackElo "1957"]
[PlyCount "27"]
[EventDate "2016.??.??"]
[WhiteTeam "SK Mainaschaff"]
[BlackTeam "SK Ebringen"]

1. d4 d5 2. c4 Bf5 3. Nc3 e6 4. Nf3 Nc6 5. Bf4 Bd6 6. Bg3 Nf6 7. e3 O-O 8. Be2
h6 9. O-O Rc8 10. a3 a6 11. b4 Ne4 12. Nxe4 dxe4 13. Ne5 Nxe5 14. dxe5 1/2-1/2

[Event "28.Schlosspark-Open"]
[Site "Wiesbaden-Biebrich"]
[Date "2016.08.28"]
[Round "7.39"]
[White "Roß, Norbert"]
[Black "Bäumer, Frank"]
[Result "1-0"]
[WhiteElo "1789"]
[BlackElo "1960"]
[PlyCount "71"]
[EventDate "2016.??.??"]
[WhiteTeam "SV Oberursel"]
[BlackTeam "Gambit Gusenburg"]

1. d4 Nf6 2. c4 g6 3. Nc3 Bg7 4. e4 d6 5. Nf3 O-O 6. Be2 e5 7. d5 a5 8. Bg5 h6
9. Bh4 Na6 10. Nd2 Nc5 11. O-O Kh7 12. Nb3 Nxb3 13. Qxb3 g5 14. Bg3 h5 15. f3
h4 16. Bf2 b6 17. Rac1 Nh5 18. Be3 Nf4 19. Bxf4 gxf4 20. Kh1 h3 21. Rg1 hxg2+
22. Rxg2 Bh3 23. Rgg1 Bf6 24. Bf1 Bd7 25. Nb5 Bh4 26. Rc2 Be1 27. Rcg2 Qh4 28.
Nxc7 Rac8 29. Qxb6 Bh3 30. Rg7+ Kh8 31. Bxh3 Qxh3 32. Qxd6 Bg3 33. R7xg3 fxg3
34. Qf6+ Kh7 35. Rxg3 Qh6 36. Qf5+ 1-0

[Event "28.Schlosspark-Open"]
[Site "Wiesbaden-Biebrich"]
[Date "2016.08.28"]
[Round "7.40"]
[White "Bratmann, Marc"]
[Black "Frömbgen, Andreas"]
[Result "1/2-1/2"]
[WhiteElo "1755"]
[BlackElo "1953"]
[PlyCount "82"]
[EventDate "2016.??.??"]
[WhiteTeam "TuS Dotzheim"]
[BlackTeam "SK Gau-Algesheim"]

1. e4 d6 2. d4 Nf6 3. Nc3 e5 4. dxe5 dxe5 5. Qxd8+ Kxd8 6. f3 Be6 7. Be3 Bd6 8.
O-O-O Ke7 9. Bd3 a6 10. Kb1 Nbd7 11. Nge2 b5 12. Ng3 g6 13. h4 c6 14. h5 Nc5
15. hxg6 hxg6 16. Rxh8 Rxh8 17. Rh1 Rxh1+ 18. Nxh1 Nh5 19. g4 Ng7 20. Be2 Bd7
21. Nf2 Nge6 22. a3 Nd4 23. Bd1 a5 24. Na2 f6 25. Nc1 Nde6 26. Ncd3 Nxd3 27.
Nxd3 c5 28. c3 c4 29. Nc1 Nc5 30. Kc2 f5 31. gxf5 gxf5 32. exf5 Bxf5+ 33. Kd2
Kf6 34. Ke2 Bg6 35. Kf2 a4 36. Ke2 Bd3+ 37. Kd2 Bg6 38. Be2 Bh5 39. Ke1 Ne6 40.
Kf2 Kf5 41. Bf1 Nc5 1/2-1/2

[Event "28.Schlosspark-Open"]
[Site "Wiesbaden-Biebrich"]
[Date "2016.08.28"]
[Round "7.41"]
[White "Achtmann, Armin"]
[Black "Hegener, Thorsten"]
[Result "1-0"]
[WhiteElo "1940"]
[BlackElo "1752"]
[PlyCount "77"]
[EventDate "2016.??.??"]
[WhiteTeam "TuS Dotzheim"]
[BlackTeam "SC Eschborn"]

1. d4 f5 2. Nf3 Nf6 3. c4 e6 4. g3 Be7 5. Bg2 O-O 6. O-O d6 7. Nc3 Qe8 8. Qc2
Nc6 9. e4 fxe4 10. Nxe4 Bd7 11. Bd2 Qh5 12. Nxf6+ Bxf6 13. Be3 e5 14. dxe5 dxe5
15. Nd2 Rad8 16. Bf3 Qf5 17. Be4 Qh5 18. Bf3 Qf5 19. Qxf5 Bxf5 20. Bd5+ Kh8 21.
Ne4 Bxe4 22. Bxe4 Nd4 23. Rad1 c5 24. Kg2 b6 25. Rd3 Kg8 26. f4 exf4 27. Bxf4
Ne2 28. Bd5+ Kh8 29. Ra3 Nxf4+ 30. Rxf4 Bxb2 31. Rxf8+ Rxf8 32. Rxa7 Rb8 33.
Kf3 g6 34. Kg4 Bc3 35. h4 Be1 36. Re7 h5+ 37. Kg5 b5 38. Kxg6 Rb6+ 39. Be6 1-0

[Event "28.Schlosspark-Open"]
[Site "Wiesbaden-Biebrich"]
[Date "2016.08.28"]
[Round "7.42"]
[White "Zimmer, Gerald"]
[Black "Rapp, Matthias"]
[Result "0-1"]
[WhiteElo "1939"]
[BlackElo "1728"]
[PlyCount "44"]
[EventDate "2016.??.??"]
[WhiteTeam "SC Bergen-Enkheim"]
[BlackTeam "SF Mainz"]

1. d4 d5 2. c4 e6 3. Nc3 Nf6 4. Bg5 c6 5. cxd5 exd5 6. Qc2 Be7 7. Nf3 O-O 8. e3
Na6 9. a3 Qa5 10. Rc1 Bg4 11. Ne5 Bh5 12. Bxf6 gxf6 13. Nd7 Bg6 14. Bd3 Rfd8
15. b4 Qxa3 16. Bxg6 hxg6 17. Nc5 Nxb4 18. Qd2 Bxc5 19. O-O Bd6 20. Ra1 Qb3 21.
Rfb1 Qc4 22. Ra4 a5 0-1

[Event "28.Schlosspark-Open"]
[Site "Wiesbaden-Biebrich"]
[Date "2016.08.28"]
[Round "7.43"]
[White "Mao, Yvonne"]
[Black "Brechlin, Olaf"]
[Result "1/2-1/2"]
[WhiteElo "1733"]
[BlackElo "1928"]
[PlyCount "32"]
[EventDate "2016.??.??"]
[WhiteTeam "SK Gernsheim"]
[BlackTeam "FVS ASP Hoyerswerda"]

1. e4 Nc6 2. Nf3 d5 3. exd5 Qxd5 4. Nc3 Qa5 5. h3 Nf6 6. Bc4 Ne5 7. Bb3 Bf5 8.
Nh4 Bg6 9. d4 O-O-O 10. Nxg6 hxg6 11. O-O e6 12. Ne2 Nc6 13. c3 Qh5 14. Ng3 Qh4
15. Qd2 Bd6 16. Qg5 Bxg3 1/2-1/2

[Event "28.Schlosspark-Open"]
[Site "Wiesbaden-Biebrich"]
[Date "2016.08.28"]
[Round "7.44"]
[White "Rump, Andreas"]
[Black "Reinisch, Markus"]
[Result "1-0"]
[WhiteElo "1928"]
[BlackElo "1719"]
[PlyCount "49"]
[EventDate "2016.??.??"]
[WhiteTeam "SG Idstein"]
[BlackTeam "Wiesbadener SV"]

1. e4 e6 2. d4 d5 3. Nc3 dxe4 4. Nxe4 Nd7 5. Bd3 Ngf6 6. Ng3 Be7 7. Nf3 b6 8.
Bd2 Bb7 9. Qe2 c5 10. c3 cxd4 11. cxd4 Nd5 12. O-O O-O 13. Rad1 N7f6 14. Ne5
Bb4 15. Bg5 h6 16. Bc1 Rc8 17. f4 Bd6 18. a3 Bxa3 19. bxa3 Nc3 20. Qf2 Nxd1 21.
Rxd1 Nd5 22. f5 Qd6 23. Ne4 Qe7 24. Bxh6 exf5 25. Qg3 1-0

[Event "28.Schlosspark-Open"]
[Site "Wiesbaden-Biebrich"]
[Date "2016.08.28"]
[Round "7.45"]
[White "van Bömmel, Philipp"]
[Black "Büse, Ralf"]
[Result "1/2-1/2"]
[WhiteElo "1730"]
[BlackElo "1911"]
[PlyCount "28"]
[EventDate "2016.??.??"]
[WhiteTeam "SC Hattersheim"]
[BlackTeam "SC Ladja Rossdorf"]

1. e4 e6 2. d3 d5 3. Nd2 c5 4. Ngf3 Nc6 5. g3 Bd6 6. Bg2 Nge7 7. O-O O-O 8. Re1
Qc7 9. Qe2 f6 10. c3 Rb8 11. Nf1 b5 12. d4 dxe4 13. Qxe4 cxd4 14. cxd4 e5
1/2-1/2

[Event "28.Schlosspark-Open"]
[Site "Wiesbaden-Biebrich"]
[Date "2016.08.28"]
[Round "7.46"]
[White "Mang, Markus"]
[Black "Lang, Micha"]
[Result "0-1"]
[WhiteElo "1716"]
[BlackElo "1897"]
[PlyCount "60"]
[EventDate "2016.??.??"]
[WhiteTeam "SG Kaiserslautern"]
[BlackTeam "SC Weiterstadt"]

1. d4 Nf6 2. c4 e6 3. g3 d5 4. Bg2 Be7 5. Nf3 O-O 6. Qc2 dxc4 7. Qxc4 a6 8. O-O
b5 9. Qc2 Bb7 10. a3 Be4 11. Qd1 c5 12. Nc3 Bb7 13. dxc5 Bxc5 14. b4 Be7 15.
Bb2 Nbd7 16. Rc1 Nb6 17. Ne5 Bxg2 18. Kxg2 Qc7 19. Nb1 Qb7+ 20. f3 Rfd8 21. Qb3
Rac8 22. Rfd1 Rxd1 23. Rxc8+ Qxc8 24. Qxd1 Nfd5 25. Bd4 f6 26. Nd3 Nc4 27. Kf2
e5 28. Bc5 Bxc5+ 29. Nxc5 Nce3 30. Qd3 Qh3 0-1

[Event "28.Schlosspark-Open"]
[Site "Wiesbaden-Biebrich"]
[Date "2016.08.28"]
[Round "7.47"]
[White "Bühler, Severin"]
[Black "Stuhlmann, Florian"]
[Result "1/2-1/2"]
[WhiteElo "1682"]
[BlackElo "1850"]
[PlyCount "71"]
[EventDate "2016.??.??"]
[WhiteTeam "Heilbronner SV"]
[BlackTeam "SC Lindenholzhausen"]

1. e4 c5 2. Nf3 e6 3. d4 cxd4 4. Nxd4 Nc6 5. Nc3 Qc7 6. Be2 a6 7. O-O Bc5 8.
Nb3 Ba7 9. a3 b5 10. Re1 Bb7 11. Bf3 Ne5 12. Bf4 Nxf3+ 13. Qxf3 Qd8 14. Be3 Bb8
15. Qe2 Nf6 16. f3 O-O 17. Bf2 Nh5 18. Rad1 Qc7 19. g3 Nf6 20. Rd2 Rd8 21. Red1
d5 22. exd5 Nxd5 23. Ne4 Rc8 24. Bc5 Qe5 25. Bd4 Qf5 26. Na5 Bc6 27. Nxc6 Rxc6
28. Nc3 Nxc3 29. Bxc3 Ba7+ 30. Kg2 h6 31. Qd3 Qc5 32. Qe4 Rcc8 33. Qe5 Qxe5 34.
Bxe5 Be3 35. Re2 Bg5 36. h4 1/2-1/2

[Event "28.Schlosspark-Open"]
[Site "Wiesbaden-Biebrich"]
[Date "2016.08.28"]
[Round "7.48"]
[White "Schöber, Sebastian"]
[Black "Bayer, Martin"]
[Result "0-1"]
[WhiteElo "1828"]
[BlackElo "1692"]
[PlyCount "72"]
[EventDate "2016.??.??"]
[WhiteTeam "SC Diez"]
[BlackTeam "SK Gründau"]

1. Nf3 d5 2. g3 Nf6 3. c4 e6 4. Bg2 c5 5. O-O Nc6 6. b3 Be7 7. e3 O-O 8. Bb2
Qb6 9. cxd5 exd5 10. d4 c4 11. Nc3 Be6 12. Na4 Qc7 13. bxc4 dxc4 14. Nc3 Nd5
15. Qe2 Nxc3 16. Bxc3 b5 17. Ne5 Nxe5 18. Bxa8 Rxa8 19. dxe5 b4 20. Bd4 c3 21.
Rfc1 a5 22. a3 Qc6 23. f3 Bc4 24. Qf2 Bd3 25. Kg2 c2 26. axb4 axb4 27. Qd2 Rxa1
28. Rxa1 Qc4 29. Bb2 h6 30. Ra7 Bc5 31. Ra8+ Kh7 32. h4 b3 33. Rd8 Bf1+ 34. Kf2
Bb4 35. Rd4 Bxd2 36. Rxc4 Bxc4 0-1

[Event "28.Schlosspark-Open"]
[Site "Wiesbaden-Biebrich"]
[Date "2016.08.28"]
[Round "7.49"]
[White "Held, Maurice"]
[Black "Hafensteiner, Tim"]
[Result "0-1"]
[WhiteElo "1708"]
[BlackElo "1818"]
[PlyCount "36"]
[EventDate "2016.??.??"]
[WhiteTeam "SC Ladja Roßdorf"]
[BlackTeam "Biebertaler SF"]

1. c4 e5 2. g3 Nc6 3. Bg2 f5 4. Nc3 Nf6 5. e3 Bb4 6. Nge2 d6 7. a3 Bxc3 8. Nxc3
O-O 9. O-O Be6 10. d3 Qe8 11. b4 Rb8 12. b5 Na5 13. a4 e4 14. dxe4 Bxc4 15. Re1
fxe4 16. Ba3 Qe5 17. Bb4 Nb3 18. Qc2 Nxa1 0-1

[Event "28.Schlosspark-Open"]
[Site "Wiesbaden-Biebrich"]
[Date "2016.08.28"]
[Round "7.50"]
[White "Eg, Karlheinz"]
[Black "Münstermann, Matthias"]
[Result "1-0"]
[WhiteElo "1817"]
[BlackElo "1560"]
[PlyCount "87"]
[EventDate "2016.??.??"]
[WhiteTeam "SV Rüsselsheim"]
[BlackTeam "SK Langen"]

1. e4 c5 2. Nf3 d6 3. d4 cxd4 4. Nxd4 g6 5. c4 Bg7 6. Be3 Nf6 7. Nc3 O-O 8. Be2
Nc6 9. O-O Nxd4 10. Bxd4 b6 11. f4 Bb7 12. Bf3 Nd7 13. Bxg7 Kxg7 14. Qd4+ Kg8
15. Rad1 Nc5 16. b4 Ne6 17. Qe3 Rc8 18. f5 Ng7 19. Be2 Qd7 20. Qg3 Rcd8 21. c5
bxc5 22. bxc5 Qc6 23. cxd6 Rxd6 24. Rxd6 Qxd6 25. Qxd6 exd6 26. fxg6 hxg6 27.
Bc4 Ne6 28. Nb5 Rd8 29. Bd5 Bxd5 30. exd5 a6 31. dxe6 axb5 32. exf7+ Kg7 33.
f8=Q+ Rxf8 34. Rxf8 Kxf8 35. Kf2 Kf7 36. Ke3 Ke6 37. Kd4 b4 38. h4 Kf5 39. Kd5
Kg4 40. Kxd6 Kxh4 41. Kc5 Kg3 42. Kxb4 Kxg2 43. a4 g5 44. a5 1-0

[Event "28.Schlosspark-Open"]
[Site "Wiesbaden-Biebrich"]
[Date "2016.08.28"]
[Round "7.51"]
[White "Schubert, Wolfgang"]
[Black "Köllner, Felicitas Ophelia"]
[Result "1/2-1/2"]
[WhiteElo "1931"]
[BlackElo "1600"]
[PlyCount "144"]
[EventDate "2016.??.??"]
[WhiteTeam "Wiesbadener SV"]
[BlackTeam "SV Bergneustadt/Derschlag"]

1. e4 d6 2. d4 Nf6 3. Nd2 e5 4. c3 Be7 5. Bc4 O-O 6. Ngf3 Nbd7 7. O-O a6 8. a4
a5 9. Re1 h6 10. Nf1 exd4 11. cxd4 Nb6 12. Bb3 d5 13. e5 Ne4 14. Qe2 Ng5 15.
Nxg5 Bxg5 16. f4 Be7 17. Be3 Bd7 18. Bc2 Nc4 19. Qd3 g6 20. Bc1 Bf5 21. Qd1 Bb4
22. Bd2 Nxd2 23. Nxd2 Bxc2 24. Qxc2 Rc8 25. Kh1 Qd7 26. Rf1 c5 27. dxc5 Rxc5
28. Qd3 Bxd2 29. Qxd2 Rfc8 30. f5 gxf5 31. Qxh6 Qe6 32. Qe3 Rc4 33. h3 Re4 34.
Qg5+ Qg6 35. Rxf5 Qxg5 36. Rxg5+ Kf8 37. Rd1 Rd8 38. b3 d4 39. Kg1 Rd5 40. Kf2
Ke7 41. Rf5 Ke6 42. Rf6+ Ke7 43. Rb6 Rexe5 44. Rxb7+ Kf6 45. b4 axb4 46. Rxb4
d3 47. Rd2 Kf5 48. Kf3 Kg5 49. g3 Rf5+ 50. Ke3 Rfe5+ 51. Re4 Rxe4+ 52. Kxe4 Ra5
53. Rxd3 Rxa4+ 54. Kf3 Rb4 55. h4+ Kh5 56. Rd5+ Kh6 57. Rf5 Kg6 58. Rf4 Rb5 59.
Rg4+ Kf6 60. Kg2 Rc5 61. Kh3 Rd5 62. Rg8 Rb5 63. Kg4 Rb4+ 64. Kh5 Rb5+ 65. Kh6
Rb3 66. g4 Rb4 67. Rg5 Rf4 68. h5 Rf3 69. Rg8 Rg3 70. g5+ Kf5 71. Rf8 Rxg5 72.
Rxf7+ Kg4 1/2-1/2

[Event "28.Schlosspark-Open"]
[Site "Wiesbaden-Biebrich"]
[Date "2016.08.28"]
[Round "7.52"]
[White "Pogosian, Norair"]
[Black "Lesny, Florian"]
[Result "1-0"]
[WhiteElo "1736"]
[BlackElo "1853"]
[PlyCount "63"]
[EventDate "2016.??.??"]
[WhiteTeam "SK Ötigheim"]
[BlackTeam "SK Niederbrechen"]

1. e4 c5 2. Nf3 d6 3. d4 cxd4 4. Nxd4 Nf6 5. Nc3 a6 6. Bg5 Nbd7 7. f4 e6 8. Qf3
Qc7 9. O-O-O Be7 10. g4 b5 11. Bxf6 Nxf6 12. g5 Nd7 13. f5 Bxg5+ 14. Kb1 Ne5
15. Qh5 Be7 16. fxe6 O-O 17. Nd5 Qa7 18. Nf5 Ng6 19. Ndxe7+ Nxe7 20. exf7+ Rxf7
21. Nxd6 Rf2 22. Bd3 g6 23. Qg5 Be6 24. h4 Qc7 25. e5 Bd5 26. Rhg1 Kg7 27. h5
Qd7 28. hxg6 h6 29. Qh4 Rff8 30. Be4 Bxe4 31. Nxe4 Qe6 32. Nc5 1-0

[Event "28.Schlosspark-Open"]
[Site "Wiesbaden-Biebrich"]
[Date "2016.08.28"]
[Round "7.53"]
[White "Haftmann, Rainer"]
[Black "Kirchner, Markus"]
[Result "1-0"]
[WhiteElo "1839"]
[BlackElo "1711"]
[PlyCount "59"]
[EventDate "2016.??.??"]
[WhiteTeam "SG Dietzenbach"]
[BlackTeam "SF Schöneck"]

1. e4 e6 2. d4 d5 3. Nd2 Nf6 4. e5 Nfd7 5. Bd3 c5 6. c3 Nc6 7. Ne2 Qb6 8. Nf3
cxd4 9. cxd4 Be7 10. O-O O-O 11. b3 f6 12. exf6 Nxf6 13. Bg5 Bd7 14. Ne5 Qc7
15. Rc1 Bd6 16. f4 Be8 17. Kh1 Qb6 18. Bb1 Bxe5 19. fxe5 Nd7 20. Rxf8+ Nxf8 21.
Rc3 Bg6 22. Bxg6 Nxg6 23. h4 Rf8 24. h5 Nh8 25. h6 g6 26. Bf6 Nf7 27. Qd2 Re8
28. Rg3 Qb4 29. Qd3 Qe1+ 30. Kh2 1-0

[Event "28.Schlosspark-Open"]
[Site "Wiesbaden-Biebrich"]
[Date "2016.08.28"]
[Round "7.54"]
[White "Zeyen, Helmut"]
[Black "Diener, Carolin Valeria"]
[Result "0-1"]
[WhiteElo "1819"]
[BlackElo "1692"]
[PlyCount "72"]
[EventDate "2016.??.??"]
[WhiteTeam "Wiesbadener SV"]
[BlackTeam "SK Bad Homburg"]

1. e4 e5 2. Nf3 Nc6 3. Nc3 Nf6 4. a3 Be7 5. d3 d6 6. h3 Be6 7. Be3 O-O 8. Qd2
a6 9. Be2 Rb8 10. Ng5 Bd7 11. O-O Ne8 12. Nd5 f5 13. Nxe7+ Qxe7 14. f4 h6 15.
Nf3 exf4 16. Bxf4 fxe4 17. dxe4 Qxe4 18. Be3 Nf6 19. Bd3 Qd5 20. Rad1 Rbe8 21.
c4 Qh5 22. Nh2 Ne5 23. Be2 Qg6 24. Bg4 Nxc4 25. Rxf6 Rxf6 26. Qd5+ Qf7 27. Bxd7
Qxd5 28. Rxd5 Nxe3 29. Rd3 Re7 30. Ba4 Kh8 31. Nf3 Nc4 32. Bc2 Re2 33. Rc3 b5
34. b3 Ne3 35. Bd3 Rxg2+ 36. Kh1 Rxf3 0-1

[Event "28.Schlosspark-Open"]
[Site "Wiesbaden-Biebrich"]
[Date "2016.08.28"]
[Round "7.55"]
[White "Traut, Stefan"]
[Black "Donecker, Stefan"]
[Result "1/2-1/2"]
[WhiteElo "1726"]
[BlackElo "1814"]
[PlyCount "31"]
[EventDate "2016.??.??"]
[WhiteTeam "SF Heusenstamm"]
[BlackTeam "TuS Dotzheim"]

1. d4 d5 2. Nf3 Nc6 3. e3 Bg4 4. c4 e6 5. h3 Bxf3 6. Qxf3 Bb4+ 7. Bd2 Qf6 8.
Qxf6 Nxf6 9. a3 Bxd2+ 10. Nxd2 a5 11. f4 O-O 12. Bd3 h5 13. g3 Rfd8 14. Rc1
Rac8 15. b3 Ne7 16. Kf2 1/2-1/2

[Event "28.Schlosspark-Open"]
[Site "Wiesbaden-Biebrich"]
[Date "2016.08.28"]
[Round "7.56"]
[White "Schmieder, Stefan"]
[Black "Jakesevic, Ivan"]
[Result "1-0"]
[WhiteElo "1796"]
[BlackElo "1633"]
[PlyCount "57"]
[EventDate "2016.??.??"]
[WhiteTeam "SC Bad Soden"]
[BlackTeam "FC Bierstadt"]

1. e4 Nf6 2. e5 Nd5 3. c4 Nb6 4. d4 e6 5. Nf3 h6 6. Bd3 c5 7. O-O d5 8. exd6
Bxd6 9. Nc3 Nc6 10. Ne4 Qe7 11. Be3 Nd7 12. Rc1 b6 13. Re1 cxd4 14. Nxd4 Nxd4
15. Bxd4 O-O 16. Nxd6 Qxd6 17. Qg4 e5 18. Qe4 f5 19. Qxa8 Qxd4 20. Qd5+ Qxd5
21. cxd5 e4 22. Bc4 Kh8 23. f3 Ne5 24. fxe4 fxe4 25. Rxe4 Nxc4 26. Rexc4 Bb7
27. d6 Rd8 28. Rc7 Bd5 29. Rc8 1-0

[Event "28.Schlosspark-Open"]
[Site "Wiesbaden-Biebrich"]
[Date "2016.08.28"]
[Round "7.57"]
[White "Maleski, Heinz"]
[Black "Bjoerknes, Uwe"]
[Result "1/2-1/2"]
[WhiteElo "1676"]
[BlackElo "1793"]
[PlyCount "42"]
[EventDate "2016.??.??"]
[WhiteTeam "SV Mainz-Mombach"]
[BlackTeam "vereinslos"]

1. d4 Nf6 2. Nf3 c5 3. c3 g6 4. Bf4 cxd4 5. cxd4 Bg7 6. e3 O-O 7. Be2 Qb6 8.
Qb3 Qxb3 9. axb3 d5 10. Nbd2 Nc6 11. O-O Bf5 12. Rfc1 a6 13. Ne5 Nxe5 14. Bxe5
Rfc8 15. Rc3 Ne4 16. Nxe4 dxe4 17. Bxg7 Kxg7 18. Rac1 Kf8 19. f3 Ke8 20. fxe4
Rxc3 21. Rxc3 Bxe4 1/2-1/2

[Event "28.Schlosspark-Open"]
[Site "Wiesbaden-Biebrich"]
[Date "2016.08.28"]
[Round "7.58"]
[White "Meyer, Marcel"]
[Black "Anhalt, Albert"]
[Result "1/2-1/2"]
[WhiteElo "1676"]
[BlackElo "1792"]
[PlyCount "25"]
[EventDate "2016.??.??"]
[WhiteTeam "SC Herborn"]
[BlackTeam "SG Idstein"]

1. d4 d5 2. c4 e5 3. dxe5 d4 4. a3 Nc6 5. Nf3 Bg4 6. Bf4 Nge7 7. Nbd2 Ng6 8.
Bg3 a5 9. h3 Bxf3 10. Nxf3 Be7 11. Qb3 Qd7 12. Rd1 O-O 13. e3 1/2-1/2

[Event "28.Schlosspark-Open"]
[Site "Wiesbaden-Biebrich"]
[Date "2016.08.28"]
[Round "7.59"]
[White "Deutsch, Christoph"]
[Black "Meding, Olaf"]
[Result "1/2-1/2"]
[WhiteElo "1623"]
[BlackElo "1790"]
[PlyCount "74"]
[EventDate "2016.??.??"]
[WhiteTeam "SK Gründau"]
[BlackTeam "SF Mainz"]

1. e4 e6 2. d4 d5 3. e5 c5 4. c3 Bd7 5. Nf3 Qb6 6. Be2 Bb5 7. O-O Bxe2 8. Qxe2
Nc6 9. Rd1 cxd4 10. cxd4 Nge7 11. b3 Nf5 12. Bb2 Be7 13. h3 O-O 14. Na3 Rac8
15. Nc2 Rfd8 16. Rac1 Qa5 17. Ra1 a6 18. Qd3 b5 19. a3 Nb8 20. Rac1 Nd7 21. Re1
Rc6 22. Kh1 Rdc8 23. Kg1 Nf8 24. Red1 Ng6 25. g3 Nf8 26. Kg2 Nd7 27. Re1 Bf8
28. Kh2 f6 29. Kg2 Qb6 30. Kh2 a5 31. g4 Qb8 32. Ne3 Nxe3 33. Qxe3 f5 34. Rxc6
Rxc6 35. Rc1 Qc8 36. Rxc6 Qxc6 37. Qc1 Qxc1 1/2-1/2